000 01416nam a22002777a 4500
005 20170124103116.0
010 _aB-075305
020 _c100.00
_a8186618414
035 _aB-075305
037 _bCen Lib/Ret
040 _aDPL
_bHN
082 _a323
_bपोन्नैय
100 _aपोन्नैयन, एम.
_958239
245 _aमानव अधिकार :
_cएम.पोन्नैयन [और] आर.के.शर्मा
_bएक दृश्य /
246 _aManav adhikar : ek drishye /
_bby M.Ponaiyyan [aur] R.K.Sharma
260 _aदिल्ली
_bपोनरानी पब्लिकेशन्स
_c2002
270 _bदिल्ली
_aनं.101, ए-14, भंडारी हाउस, कॉमर्शियल काम्प्लेक्स, डॉ.मुख़र्जी नगर
_e110009
300 _a203पृ.
_c21सेमी(सजिल्द)
500 _aअनुक्रमाणिका शामिल
650 _aमानव अधिकार -- लक्ष्य और परिपेक्ष
_981052
650 _aमानव अधिकार और कर्तव्य
_981053
650 _aHuman Rights - aim and perspective
_981054
650 _aHuman Rights and Duties
_981055
700 _aशर्मा, आर.के.
_981056
942 _2ddc
_cHN
_h323
_mपोन्नैय
999 _c118598
_d118598